Социальная стратификация современного китайского общества; Актуальные проблемы гуманитарных наук

Bibliographische Detailangaben
Parent link:Актуальные проблемы гуманитарных наук.— 2009.— С. 219-221
1. Verfasser: Рыбакова А. О.
Sprache:Russisch
Veröffentlicht: 2009
Schlagworte:
Format: MixedMaterials Buchkapitel
KOHA link:https://koha.lib.tpu.ru/cgi-bin/koha/opac-detail.pl?biblionumber=195610

MARC

LEADER 00000naa2a2200000 4500
001 195610
005 20231031182857.0
035 |a (RuTPU)RU\TPU\book\213418 
090 |a 195610 
100 |a 20110512d2009 k y0rusy50 ca 
101 0 |a rus 
102 |a RU 
200 1 |a Социальная стратификация современного китайского общества  |f А. О. Рыбакова 
320 |a Библиогр.: 7 назв. 
463 0 |0 (RuTPU)RU\TPU\book\205117  |t Актуальные проблемы гуманитарных наук  |o труды VIII международной научно-практической конференции студентов, аспирантов и молодых ученых, г. Томск, 16-17 апреля 2009 г.  |f Томский политехнический университет (ТПУ)  |v С. 219-221  |d 2009  |p 466 с. 
610 1 |a Китай 
610 1 |a общество 
610 1 |a социальная структура 
610 1 |a стратификация 
610 1 |a труды учёных ТПУ 
700 1 |a Рыбакова  |b А. О. 
801 1 |a RU  |b 63413507  |c 20110512 
942 |c BK